| 000 | 00463nam a2200181Ia 4500 | ||
|---|---|---|---|
| 008 | 170203s9999 xx 000 0 und d | ||
| 020 | _a9789719364351 | ||
| 050 | _a384.166 | ||
| 050 | _b.C697 2013 | ||
| 245 | _aCollege Entrance Test Reviewer : | ||
| 245 | _bEnglish languages / | ||
| 245 | _cLoyola Student Center. | ||
| 260 | _aQuezon City : | ||
| 260 | _bLoyola Heights Student Center | ||
| 260 | _c2013 | ||
| 300 | _a250 pages : | ||
| 300 | _c27 cm. | ||
| 999 |
_c305456 _d305456 |
||